| 000 | 01277nam0a22003011 4500 | ||
|---|---|---|---|
| 001 | rc\2358514 | ||
| 005 | 20110829153842.7 | ||
| 035 | _a(NLR Aleph) 006477915 | ||
| 090 |
_a6003152 _c6003152 |
||
| 100 | _a20110829d1977 |||y0rusy50 ca | ||
| 101 | 0 | _arus | |
| 102 | _aRU | ||
| 105 | _aa z ||||| | ||
| 200 | 1 |
_a[Рациональное использование тары оборудования в торговле] _fМ-во торг. СССР. ЦНИИ науч.-техн. и экон. информ. в торговле и обществ. питании |
|
| 210 |
_aМосква _cБ. и. _d1977 |
||
| 215 |
_a67 с. _cил. _d20 |
||
| 225 | 1 |
_aОбзорная информация _iГосударственная торговля _hСерия "Торговля" _vВып. 7 |
|
| 300 | _aПеред загл. авт.: К.И. Преображенская, Е.Г. Каневский, М.А. Коников, Е.А. Федосова | ||
| 320 | _aБиблиогр.: с. 65-66 | ||
| 701 | 1 |
_aКоников _bМ. А. |
|
| 701 | 1 |
_aФедосова _bЕ. А. |
|
| 701 | 1 |
_aКаневский _bЕ. Г. |
|
| 701 | 1 |
_aПреображенская _bК. И. |
|
| 801 | 0 |
_aRU _bNLR _gpsbo |
|
| 801 | 1 |
_aRU _bELAR _2rusmarc |
|
| 852 |
_aNLR _jП22/3526 |
||
| 942 | _cBOOK | ||
| 980 | _aNB | ||